| 000 | 00397nam a2200145Ia 4500 | ||
|---|---|---|---|
| 008 | 240624s9999 xx 000 0 und d | ||
| 041 | _aeng | ||
| 082 | _a658.514 BUR | ||
| 100 | _aBURGESS ANDREW | ||
| 245 | _aEXECUTIVE GUIDE TO ARTIFICIAL INTELLIGEN | ||
| 250 | _a(Ist, 2018 ed.) | ||
| 260 |
_c2018 _aUnited Kingdom _bPalgrave Macmillan |
||
| 300 | _axiii,-181- P. ; 23. cm | ||
| 365 |
_cERU _b33 |
||
| 999 |
_c32626 _d32626 |
||